[Event "Cherry Blossom"]
[Site "?"]
[Date "2024.05.24"]
[Round "6"]
[White "Stremavicius, Titas"]
[Black "Ouellet, Maili-Jade"]
[Result "1-0"]
[Annotator "John Upper"]
[WhiteElo "2533"]
[BlackElo "2280"]
[WhiteFideId "-1"]
[BlackFideId "-1"]
[PlyCount "155"]
[GameId "2049576553300180"]
[EventDate "2024.??.??"]
[SourceTitle "Chess Canada 25"]
[Source "JohnUpper?CFC"]
[SourceDate "2025.06.29"]
[SourceVersion "1"]
[SourceVersionDate "2026.07.01"]
[SourceQuality "1"]

{This is the second game where I lost a drawn rook endgame. However, it was not a rook endgame at first. I got outplayed in the opening, then I made a comeback and eventually, I lost. The game is filled with inaccuracies and blunders due to intense time pressure but it was quite interesting and instructive. Lastly, this was my second time playing Titas. The first time was in 2021 and I lost quite badly. Despite losing the second game, I felt like it was a good indication of how I improved (since I had decent chances to make a draw). Our third encounter occurred in November 2024 where I played much better and got a draw as Black, and eventually, my second IM norm.} 1. Nf3 d5 2. g3 Nf6 3. Bg2 c5 4. O-O g6 5. c4 Bg7 6. Qa4+ Bd7 7. Qb3 dxc4 8. Qxc4 Qb6 9. Ne5 Be6 10. Qa4+ Nfd7 11. Nc4 Bxc4 12. Qxc4 Nc6 13. Nc3 a6 14. d3 O-O 15. Rb1 Rac8 16. Be3 $14 Qd8 17. Qa4 e6 18. Rfc1 Qe7 19. Qa3 Rfe8 20. Ne4 Nd4 21. Bxd4 Bxd4 22. e3 Bg7 23. d4 Bf8 24. dxc5 Nxc5 25. Nxc5 Rxc5 26. Qxc5 Qxc5 27. Rxc5 Bxc5 28. Bxb7 a5 $8 {[#]White's up a pawn in  & opposite  ending. At 37 ply and above, SF18 rates this 0.00. Leela gives a more human evaluation +0.2. But those evals depend on perfect and near perfect play from... both sides.} 29. Rc1 Bb4 30. Rc7 Rd8 31. Bf3 Kg7 32. Kf1 Rb8 33. Ra7 Kf6 34. Be2 Bd2 35. b3 Bb4 36. Bd3 Re8 37. a3 Bxa3 38. Rxa5 Bd6 39. Ra6 Rd8 40. Ke2 Ke7 41. f4 Rd7 42. g4 h5 43. gxh5 gxh5 44. Ra5 f5 45. Ra6 Bc5 46. Bc4 Rd6 47. Ra8 Bb4 48. Kf3 Rd2 49. h3 Bc3 50. Rc8 Bf6 51. b4 Kd7 52. Ra8 {[#]} Bd8 $2 {Blunders the e-pawn.} (52... Rd6 {looks fatally passive, but it's better than the game line, and it seems to hold:} 53. Ra7+ Ke8 $8 (53... Kd8 $2 54. b5 $18 {and a6 will help the b-pawn advance.}) 54. b5 Bd8 $8 {with what looks like a fortress; even if White gets his  to b4 how to make any progress from there?}) ({Computer's opt for this line, which has a very unusual motif:} 52... Bh4 $11 {this creates a mate threat -- which is easily dealt with -- but blocking the pawn means Black can't put it on a safe square with ...h4, so White can now win it. But the tricky point is that White can win the h5 at the cost of trapping his !} 53. Be2 (53. Ra2 {stops the mate, but} Rxa2 54. Bxa2 {is an opposite  fortress.} Be1 $11 (54... Bd8 $11)) 53... Ke7 54. Rh8 Kf7 55. Rxh5 Bf6 $3 {the point! The  has no escape.} 56. Rh7+ Bg7 {if necessary, White "activate" the trapped  and get a draw with xg7.}) 53. Ra7+ $8 $18 Kc6 (53... Bc7 54. Bxe6+ $18) 54. Bxe6 Bb6 55. Re7 $1 {[#] Will defend e3.} Kb5 (55... Kd6 56. Rd7+ $18) 56. Bxf5 Kxb4 57. Bg6 h4 58. f5 Bc5 59. f6 Rd6 60. Re4+ Kc3 61. Rf4 Kd2 62. e4 Bd4 63. f7 $5 $18 (63. e5 Bxe5 64. f7 $18) 63... Rxg6 64. e5 (64. f8=Q $4 Rg3#) 64... Bc5 {[#]Critical Position What, if anything, could be wrong with promoting?} 65. f8=Q $2 ({White has several wins, including e4. I think} 65. Rxh4 $18 {is simplest.} Kd3 $5 (65... Rg1 66. Ke4 $1) 66. Rh8 Kd4 67. Kf4 $8 $18 {saving e5 and supporting the pawn with f5. Once again, "random deatails" matter: the loose g6 gives White one more tempo, if it was on a3 the position would be drawn with ...d5!}) 65... Rg3+ $8 66. Ke4 Bxf8 $4 (66... Re3+ $8 $11 67. Kd5 Bxf8 68. Rxf8 Rxh3 69. Rf4 Rd3+ $8 70. Ke4 $5 (70. Rd4 $4 h3 $8 $19) 70... Re3+ $8 $11) 67. Rf2+ $8 $18 {Both s need the 3rd rank -- White as a bridge to support the e-pawn, and Black to unblock her h-pawn and return to cover the f8 promotion square -- and this ckeck forces the black  away so that White gets to use it.} Ke1 (67... Kc3 68. Rxf8 Rxh3 69. Rf3+ $18) 68. Rxf8 Rxh3 {[#]} 69. Rf3 $8 (69. e6 $2 Ke2 $11) 69... Rh2 {That's the extra tempo: White's  is ready to build the bridge on e3, while Black has to move her  but not to a square that helps stop the white pawn or a square which clears the way for the h-pawn.} 70. Kf4 $2 {And that gives the tempo back!} (70. Re3+ $8 $18 Kf1 (70... Kd2 {is similar, with d3-d8 instead of f3-f8.}) 71. e6 $8 Rg2 72. e7 Rg8 73. Rf3+ $8 Kg2 74. Rf8 $8 $18) 70... h3 $8 $11 71. Re3+ Kf1 72. Kg4 {[#]} Kg2 $4 (72... Rg2+ $8 73. Kxh3 (73. Kf5 h2 74. Rh3 Kg1 $11) (73. Rg3 $4 Kf2 $1 $19) 73... Rg8 $8 {White's  is cut off, but it still comes down to one tempo.   [if White's  and  were on the c-file (or further away) the black  would not be able to attack the  before White was ready to promote, forcing Black to block the pawn with the  and free the white , winning.]} 74. Rg3 {A good try.} (74. e6 Kf2 $8 75. Re5 Kf3 $8 $11 {the mate threat and the extra tempo off the e5 make it easy to see this is a draw.}) 74... Re8 $8 75. Rg5 Kf2 76. Kg4 Ke3 $8 $11 77. Kf5 Kd4 $8 78. Kf6 Kd5 $8 79. e6+ Kd6 80. Re5 Rf8+ $8 $11) 73. e6 ({or} 73. Re2+ Kg1 74. Rxh2 Kxh2 75. e6 Kg2 76. e7 h2 77. e8=Q h1=Q 78. Qe2+ Kg1 79. Kg3 $18 {which is something you expect to see in endgame textbooks, not OTB games.}) 73... Rh1 74. e7 h2 75. Rg3+ (75. e8=Q {feels simpler to me, but both win.}) 75... Kf2 76. e8=Q Rg1 77. Qe3+ Kf1 78. Qc1+ 1-0

[Event "Sevilla"]
[Site "?"]
[Date "2024.01.14"]
[Round "3"]
[White "Szpar, Milosz"]
[Black "Ouellet, Maili-Jade"]
[Result "0-1"]
[Annotator "Maili-Jade Ouellet"]
[WhiteElo "2491"]
[BlackElo "2222"]
[WhiteFideId "-1"]
[BlackFideId "-1"]
[PlyCount "96"]
[GameId "2135836137668740"]
[EventDate "2024.??.??"]
[EventCountry "ESP"]
[SourceTitle "Chess Canada 25"]
[Source "JohnUpper?CFC"]
[SourceDate "2025.06.29"]
[SourceVersion "1"]
[SourceVersionDate "2026.07.01"]
[SourceQuality "1"]

{This is round 3 of the Sevilla Open, my first game against a higher-rated opponent.} 1. e4 c5 2. Nf3 d6 3. Bb5+ {The Moscow Variation, a popular way to avoid the Open Sicilian. I had not prepared for it.} Nd7 {[#] This line is more fighting and less drawish, which is why I had studied it. I generally play for a win, but it is better to be more flexible and knowledgeable of more than one or two lines to avoid preparation or to surprise your opponent. My opponent capitalized on this by eventually achieving a favorable position from the opening.} 4. O-O a6 5. Be2 $5 {This is the third most played move in this position. However, I do not consider it particularly popular or well-known. I was already out of my preparation, as I had mainly focused on 3.d4 with the intention of playing the Najdorf.} Ngf6 6. d3 g6 $5 {Although this is not a mistake, it gives White a lasting structural advantage that is difficult to counter. It is somewhat unusual, as ...g6 is typically played after White "wastes" a tempo on d3, since d4 is the ultimate goal.} (6... e6 {is best.}) 7. c4 Bg7 8. Nc3 O-O 9. d4 cxd4 10. Nxd4 {[#] White achieves his ideal setup. I strongly believe he chose a sideline specifically to reach this position against a Maroczy structure, knowing that I do not play the Benoni or the Dragon, leaving me with little experience here. As a result, I felt very uncomfortable and was dissatisfied with how the opening unfolded.} Nc5 11. f3 Qb6 12. Kh1 Bd7 {[#]} 13. Rb1 {Protecting the b2-pawn so that White can develop the dark-squared bishop.} (13. b3 {was best as it protects the b-pawn, allows White to play e3 next and prevents a4.}) 13... Na4 $1 {White has significantly more space to develop his pieces. Therefore, it benefits Black to trade off as many pieces as possible.} 14. Nxa4 Bxa4 {[#]} 15. b3 (15. Qxa4 Qxd4 {is not a mistake objectively. However, positionally speaking, White's knight on d4 was much more active than Black's light-squared bishop, which is why White should avoid trading the two pieces.}) 15... Bc6 16. Be3 Qc7 17. Qd2 Rfc8 18. b4 Qd8 {[#]} 19. Rfc1 (19. Nxc6 bxc6 (19... Rxc6 20. a4 {is even better for White.}) 20. a4 $1 $16 {White is better, as b5 is imminent. Opening the position favours White due to the strong and active bishop pair, while Black's pieces remain passive.}) 19... Be8 20. Bf1 Rab8 21. Nb3 Ba4 22. Nd4 Be8 {[#] Why am I repeating? Firstly, my position is worse. Secondly, I am extremely uncomfortable with the structure, and my opponent is aware of it. Thirdly, he is significantly higher rated than me. Therefore, I had no objections to a draw.} 23. Qf2 $6 {Avoiding the repetition. From the start, White applied significant positional pressure, but his last few maneuvers were too slow, despite being natural and reasonable.} (23. Nb3 Ba4 24. c5 {was best and gave White very decent chances due to the pressure on the queenside.}) 23... b5 {[#] Finally, I am able to create some counter-play, gain some space and disrupt White's pawn structure.} 24. cxb5 (24. c5 {was the best way to maintain some decent pressure on Black's position. Black must play some kind of waiting move as ...dxc5 is unfavorable.} Qc7 (24... dxc5 25. bxc5 {allows White to create a passed pawn that controls significant space and cannot be easily captured, as the isolated pawn is more of a strength than a weakness in this position. An isolated pawn often becomes a strength rather than a weakness once it reaches the fifth rank.}) 25. cxd6 Qxd6 26. Rd1 Qc7 $14) 24... axb5 25. Rxc8 Qxc8 (25... Rxc8 26. Nxb5 $18) 26. Rc1 Qa6 {The most active square for the queen as it is protecting the b5-pawn and attacking White's a2-pawn.} 27. Qc2 Bd7 {[#] Although the position is now equal, I still lack space, and my pieces are not optimally placed, especially with many tied down to defending the b5-pawn. Therefore, repositioning the bishop to a more active square is a good move.} 28. Qd2 Ne8 {A multi-purpose move: first, it defends c7, preventing White from invading with c7. Second, it opens the a1-h8 diagonal for my strong dark-squared bishop. Third, it creates the possibility of developing the knight to d6 if ...d5 is achieved.} 29. Rc2 {This move has two ideas. First, it allows White to double on the c-file with c1 if desired. Second, it prepares the sneaky idea of a4!, putting significant pressure on the b5-pawn. If Black captures with the queen, as the b-pawn is pinned by White’s light-squared bishop, a2! follows, trapping the queen.} Qa8 {Removing the queen from the f1-a6 diagonal and threatening to open up the position in Black's favour!} 30. Bf2 {[#]} Bf6 {This move protects the e7-pawn, which could become vulnerable in some lines, frees the g7-square for the king or knight if needed, and places the dark-squared bishop on a more active square.} (30... d5 $1 {was possible without losing any material as} 31. exd5 Qxd5 32. Rc5 {was well-met by} Qd6 $1 {retaining the pin on White's knight, preventing all ideas of capturing on b5.} 33. Bg3 {leads to a drawn endgame} Qxd4 34. Qxd4 Bxd4 $11 {both d5 and xb8 are possible for White.}) 31. Qc1 d5 $1 {Black is now the one applying pressure on White's position.} 32. exd5 Qxd5 33. Nb3 Nd6 {[#] Activating the knight in the center of the board where it controls the most squares and removing the threat of d2 as Black's dark-squared bishop will not be caught in the cross-hairs.} 34. Bg3 Ra8 {Activating the rook on a semi-open file, as the b5-pawn no longer needs protection, while also unpinning the knight.} 35. Rd2 Qh5 $1 {[#] Black can now try to put some pressure on White's king.} 36. Nc5 (36. Bxd6 $2 exd6 {would be a positional mistake as the bishop was elemental in keeping White's king safe. Moreover, it gives up control of the dark squares as Black's bishop would start taking over.} 37. Rxd6 $4 Be5 $19 {White's rook is hanging and Black is threatening mate with ...xh2#. White cannot defend against both threats.}) 36... Be8 {Black's bishop is much stronger than it was in the opening. The position is now open, where bishops thrive. Placing it on c6 would expose it to discovery attacks due to White's queen on c1. Although e8 appears passive and defensive, it is the best move, especially since Black can later reactivate the bishop by gaining better control of c6.} 37. Qd1 $6 {Somehow, this move that seems to add pressure to the d-file and remove all possible threats of ...g5 is an inaccuracy!} (37. Bxd6 exd6 38. Ne4 {would have maitained equality.}) 37... Qh6 $1 {The start of a nice positional manoeuvre.} 38. Re2 Nf5 39. Bf2 Bc6 {Black's last few moves were very active and contributed to the improvement of the position.} 40. Kg1 Qf4 $1 {One of the ideas behind ...h6! Although Black's queen is well-placed on the h-file, it cannot create enough pressure to force White into further weaknesses. Therefore, it must be reactivated to an even more active square.} 41. Nd3 $2 Qd6 $1 $17 {[#] The queen is now centralized. Instead of exerting pressure solely on the h-file, it now attacks both the b4- and h2-pawns while pinning White's knight. This is its optimal placement, and recognizing that it no longer belonged on the h-file was an important realization. During the game, my moves felt natural. I aimed to play faster to avoid severe time pressure while also putting clock pressure on my opponent. Interestingly, while preparing, I noticed he was strong in blitz (mostly online), yet during the game, I saw that the clock was visibly stressing him. This led me to believe he might struggle under time pressure.   I used to think that a good chess player should take their time, calculate carefully, and prioritize strong moves over managing the clock. Playing quickly seemed to reflect impatience and a lack of skill, despite many games being decided by time rather than the position. However, I have recently come to appreciate the benefits of playing faster when possible and now recognize that fast-playing opponents should not be underestimated.   Regarding the position itself, my opponent and I analyzed it after the game and on our way back to our accommodation, and he expressed genuine appreciation for my queen maneuver. (Receiving compliments on my play from higher-rated players will always be nice!)} 42. Qb1 $2 {White should have tried to reactivate his pieces to a better squares with either c2, d2 or c5.} Nd4 43. Re3 Bd5 44. Nc1 Be5 {[#] With little time left, my opponent panicked and chose the most natural move.} 45. Rxe5 $2 (45. h3 {would have weakened his king greatly and although Black is still winning, it is far from over as some precision is required to seal the deal and I was still under time-pressure.}) 45... Qxe5 46. Nd3 Qf6 47. Qb2 Nxf3+ 48. gxf3 (48. Kh1 Qxb2 49. Nxb2 Rxa2 $19) 48... Qxf3 {Black resigned as Black's attack was too strong while ...h1 was either going to lead to mate or the loss of White's queen.} 0-1